00171nam a2200061Ia 4500008004100000100001800041245005000059120527s9999 xx 000 0 und d aBidwell & Mey aSociology of the family: investigating family